[Event "14th Capablanca Memorial"]
[Site "Cienfuegos CUB"]
[Date "1977.05.18"]
[Round "1"]
[White "Ermenkov, Evgeny"]
[Black "Garcia Gonzales, Guillermo"]
[Result "1-0"]
[WhiteElo "2445"]
[BlackElo "2485"]
[EventDate "1977.05.18"]
[PlyCount "111"]

1.e4 c6 2.d4 d5 3.Nd2 g6 4.c3 Bg7 5.Bd3 Nh6 6.h4 Nd7 7.Ngf3 f6 8.h5 Nf8 9.
Qc2 Kf7 10.Nf1 Bg4 11.hxg6+ hxg6 12.Ng3 Qd7 13.Be3 dxe4 14.Bxe4 Nf5 15.
Rxh8 Bxh8 16.O-O-O Nxg3 17.fxg3 Bf5 18.Bxf5 Qxf5 19.Qxf5 gxf5 20.d5 cxd5 
21.Rxd5 e5 22.Bc5 Ne6 23.Rd7+ Kg6 24.Be3 f4 25.gxf4 exf4 26.Bd2 b6 27.b4 
f5 28.Kc2 Bf6 29.a4 Bd8 30.Ne5+ Kf6 31.Nc6 Bc7 32.Nd4 Be5 33.Kd3 Rg8 34.
Be1 Bxd4 35.cxd4 Nf8 36.Bh4+ Ke6 37.Re7+ Kd6 38.Rxa7 Nd7 39.a5 bxa5 40.
Ra6+ Kc7 41.Rxa5 Rxg2 42.Rxf5 Nb6 43.Be1 Rb2 44.Bd2 Kd7 45.d5 f3 46.Bc3 
Rb1 47.Kc2 Rf1 48.Bd4 Nc4 49.Bc5 f2 50.Rf7+ Ke8 51.Rf8+ Kd7 52.Rf7+ Ke8 
53.Rxf2 Rxf2+ 54.Bxf2 Kd7 55.Kd3 Na3 56.Bg3 1-0

[Event "14th Capablanca Memorial"]
[Site "Cienfuegos CUB"]
[Date "1977.05.18"]
[Round "1"]
[White "Hedman Senarega, Jose Antonio"]
[Black "Cobo Arteaga, Eldis"]
[Result "1-0"]
[WhiteElo "2270"]
[BlackElo "2390"]
[EventDate "1977.05.18"]
[PlyCount "86"]

1.e4 c5 2.Nf3 Nc6 3.d4 cxd4 4.Nxd4 Nf6 5.Nc3 e5 6.Ndb5 d6 7.Bg5 a6 8.Bxf6 
gxf6 9.Na3 b5 10.Nd5 f5 11.Bd3 Be6 12.c3 Bg7 13.Nc2 O-O 14.O-O Rc8 15.Ndb4
Nxb4 16.Nxb4 fxe4 17.Bxe4 a5 18.Nd5 f5 19.Bc2 Rc5 20.Ne3 d5 21.Qh5 e4 22.
Rad1 Qc8 23.Bb3 Rd8 24.a3 Kh8 25.Qh4 Qc7 26.Qh5 Qe5 27.f4 Qf6 28.Nc2 Qg6 
29.Qe2 Bc8 30.Qe3 Qb6 31.Bxd5 Qd6 32.Bxe4 Qxd1 33.Rxd1 Rxd1+ 34.Kf2 Bf8 
35.Bd3 a4 36.Nd4 Rd5 37.Bxb5 R1xd4 38.cxd4 Rxb5 39.Qe8 Rxb2+ 40.Ke1 Kg7 
41.Qxc8 Bxa3 42.Qd7+ Kf6 43.Qxa4 Bd6 1-0

[Event "14th Capablanca Memorial"]
[Site "Cienfuegos CUB"]
[Date "1977.05.18"]
[Round "1"]
[White "Estevez Morales, Guillermo"]
[Black "Andersson, Ulf"]
[Result "0-1"]
[WhiteElo "2360"]
[BlackElo "2565"]
[EventDate "1977.05.18"]
[PlyCount "48"]

1.e4 c5 2.Nf3 e6 3.d4 cxd4 4.Nxd4 a6 5.Bd3 g6 6.Nc3 Bg7 7.Be3 d6 8.Qd2 Nf6
9.Bh6 O-O 10.O-O-O b5 11.h4 b4 12.Nb1 Qb6 13.Bxg7 Kxg7 14.Nf3 h5 15.Ng5 
Nbd7 16.f3 Bb7 17.g4 Rac8 18.gxh5 Nxh5 19.Rhg1 Ne5 20.Be2 Rc6 21.f4 Rfc8 
22.fxe5 Nf4 23.Bd3 Nxd3+ 24.Qxd3 Qe3+ 0-1

[Event "14th Capablanca Memorial"]
[Site "Cienfuegos CUB"]
[Date "1977.05.18"]
[Round "1"]
[White "Romanishin, Oleg"]
[Black "Farago, Ivan"]
[Result "1/2-1/2"]
[WhiteElo "2595"]
[BlackElo "2500"]
[EventDate "1977.05.18"]
[PlyCount "64"]

1.c4 Nf6 2.Nf3 e6 3.g3 d5 4.Bg2 Be7 5.O-O O-O 6.d4 Nbd7 7.Qd3 b6 8.cxd5 
exd5 9.Nc3 Bb7 10.Ng5 h6 11.Nh3 Re8 12.Nf4 Nf8 13.Qb5 c6 14.Qb3 Bd6 15.Re1
Bxf4 16.Bxf4 Ne6 17.e3 Nxf4 18.exf4 Qd6 19.a4 Ba6 20.a5 Bc4 21.Qa4 Rxe1+ 
22.Rxe1 c5 23.dxc5 Qxc5 24.axb6 Qxb6 25.Nxd5 Bxd5 26.Bxd5 Rd8 27.Bf3 Rd2 
28.Re8+ Nxe8 29.Qxe8+ Kh7 30.Be4+ f5 31.Bxf5+ g6 32.Qe7+ Kh8 1/2-1/2

[Event "14th Capablanca Memorial"]
[Site "Cienfuegos CUB"]
[Date "1977.05.18"]
[Round "1"]
[White "Rodriguez Cordoba, Jesus"]
[Black "Antoshin, Vladimir"]
[Result "1/2-1/2"]
[WhiteElo "2310"]
[BlackElo "2475"]
[EventDate "1977.05.18"]
[PlyCount "112"]

1.e4 e5 2.Nc3 d6 3.Bc4 Be7 4.d3 Nf6 5.h3 O-O 6.g4 Nc6 7.Be3 Be6 8.g5 Ne8 
9.g6 hxg6 10.Bxe6 fxe6 11.Qg4 Nd4 12.Bxd4 exd4 13.Nce2 e5 14.f4 Rf6 15.Nf3
Qc8 16.Qg3 c5 17.Ng5 Rf8 18.fxe5 Bxg5 19.Qxg5 Qe6 20.Nf4 Qf7 21.O-O dxe5 
22.Nxg6 Nf6 23.Nxf8 Rxf8 24.Rf5 Kh8 25.Raf1 Qxa2 26.Qg6 Qe6 27.h4 Qe7 28.
h5 Rg8 29.Qg5 c4 30.Kh1 cxd3 31.cxd3 Qd7 32.h6 Nh7 33.hxg7+ Qxg7 34.Qxg7+ 
Rxg7 35.Rf7 Ng5 36.R7f5 Rh7+ 37.Kg2 Rg7 38.Kh2 Kh7 39.Rxe5 Kh6 40.Rf6+ Kh5
41.Rff5 Kg4 42.Rxg5+ Rxg5 43.Rxg5+ Kxg5 44.b4 Kf4 45.Kg2 a6 46.Kf2 Ke5 47.
Ke2 b6 48.Kd2 a5 49.bxa5 bxa5 50.Kc2 Kd6 51.Kb3 Kc5 52.Ka4 Kb6 53.e5 Kc6 
54.Kxa5 Kd5 55.Kb5 Kxe5 56.Kc4 Ke6 1/2-1/2

[Event "14th Capablanca Memorial"]
[Site "Cienfuegos CUB"]
[Date "1977.05.18"]
[Round "1"]
[White "Lechtynsky, Jiri"]
[Black "Valdes Castillo, Arnaldo"]
[Result "1-0"]
[WhiteElo "2375"]
[BlackElo "2285"]
[EventDate "1977.05.18"]
[PlyCount "47"]

1.e4 c5 2.Nf3 Nf6 3.e5 Nd5 4.Nc3 e6 5.Nxd5 exd5 6.d4 Nc6 7.dxc5 Bxc5 8.
Qxd5 Qb6 9.Bc4 Bxf2+ 10.Ke2 O-O 11.Rf1 Bc5 12.Ng5 Nd4+ 13.Kd1 Ne6 14.Ne4 
d6 15.exd6 Bxd6 16.Nxd6 Rd8 17.Bf4 Bd7 18.Kc1 Be8 19.Qe5 Qc6 20.Bxe6 fxe6 
21.Qxe6+ Kh8 22.Bg5 Bg6 23.Nf7+ Bxf7 24.Qxc6 1-0

[Event "14th Capablanca Memorial"]
[Site "Cienfuegos CUB"]
[Date "1977.05.18"]
[Round "1"]
[White "Rodriguez Cespedes, Amador"]
[Black "Vilela de Acuna, Jose Luis"]
[Result "1-0"]
[WhiteElo "2395"]
[BlackElo "2405"]
[EventDate "1977.05.18"]
[PlyCount "111"]

1.e4 c5 2.Nf3 e6 3.d4 cxd4 4.Nxd4 Nc6 5.Nb5 d6 6.c4 Nf6 7.N5c3 Be7 8.Be2 
b6 9.O-O Bb7 10.Re1 O-O 11.Bf4 Rc8 12.Nd2 a6 13.Rc1 Nd7 14.a3 Nce5 15.Be3 
Qc7 16.b4 Bf6 17.Qb3 Ng6 18.Red1 Rfe8 19.Bf1 Qb8 20.Rc2 Qc7 21.Rdc1 Qd8 
22.h3 Bg5 23.Bxg5 Qxg5 24.Ne2 Nf4 25.Nxf4 Qxf4 26.g3 Qf6 27.c5 Qd4 28.c6 
Bxc6 29.Rxc6 Rxc6 30.Rxc6 Qxd2 31.Qa4 b5 32.Qxa6 Ne5 33.Rc8 Kf8 34.Rxe8+ 
Kxe8 35.Qxb5+ Ke7 36.Qe2 Qc3 37.Qe3 Nf3+ 38.Kg2 Ne1+ 39.Kg1 Qxe3 40.fxe3 
Nc2 41.Bd3 Nxa3 42.Kf2 Kd7 43.Ke2 Kc6 44.Kd2 Nb5 45.Bxb5+ Kxb5 46.Kc3 h5 
47.g4 hxg4 48.hxg4 f6 49.Kb3 g6 50.Kc3 f5 51.exf5 exf5 52.g5 d5 53.Kd4 
Kxb4 54.Kxd5 Kc3 55.Ke5 Kd2 56.e4 1-0

[Event "14th Capablanca Memorial"]
[Site "Cienfuegos CUB"]
[Date "1977.05.19"]
[Round "2"]
[White "Rodriguez Cordoba, Jesus"]
[Black "Hedman Senarega, Jose Antonio"]
[Result "1/2-1/2"]
[WhiteElo "2310"]
[BlackElo "2270"]
[EventDate "1977.05.18"]
[PlyCount "35"]

1.e4 e6 2.d4 d5 3.Nc3 dxe4 4.Nxe4 Nd7 5.Nf3 Ngf6 6.Nxf6+ Nxf6 7.Bg5 Be7 8.
Bd3 O-O 9.O-O b6 10.c3 Bb7 11.Re1 Rc8 12.Qe2 h6 13.Bxf6 Bxf6 14.Be4 Bxe4 
15.Qxe4 c5 16.Rad1 cxd4 17.Nxd4 Qd7 18.Qe2 1/2-1/2

[Event "14th Capablanca Memorial"]
[Site "Cienfuegos CUB"]
[Date "1977.05.19"]
[Round "2"]
[White "Fernandez Gonzalez, Juan Carlos"]
[Black "Dorfman, Iosif"]
[Result "0-1"]
[WhiteElo "2420"]
[BlackElo "2445"]
[EventDate "1977.05.18"]
[PlyCount "112"]

1.Nf3 g6 2.e4 Bg7 3.d4 c6 4.Nc3 d5 5.h3 Nh6 6.Bd3 O-O 7.O-O Na6 8.Re1 Nc7 
9.exd5 cxd5 10.Ne2 Nf5 11.c3 f6 12.Nf4 e6 13.h4 Qd6 14.Bxf5 exf5 15.Be3 
Be6 16.Nd3 Rae8 17.Bf4 Qc6 18.Qd2 b6 19.Nh2 Bf7 20.Nf1 Re4 21.Ng3 Re6 22.
Bh6 Rfe8 23.Bxg7 Kxg7 24.Nf4 Rxe1+ 25.Rxe1 Rxe1+ 26.Qxe1 Qe8 27.Qxe8 Nxe8 
28.h5 Nd6 29.hxg6 hxg6 30.Nd3 a5 31.f3 Nc4 32.Nf1 g5 33.Kf2 f4 34.b3 Nd6 
35.Ke2 Bg6 36.a4 Nf5 37.Ne1 Be8 38.Kd3 Kf8 39.Nh2 Ne3 40.Kd2 Ke7 41.Ke2 b5
42.axb5 Bxb5+ 43.Kd2 Kd6 44.Kc1 f5 45.Kd2 Kc7 46.Kc1 Kb6 47.Kd2 Ba6 48.Nd3
Bxd3 49.Kxd3 Nxg2 50.c4 dxc4+ 51.bxc4 Ne3 52.Kc3 g4 53.fxg4 fxg4 54.Kd3 a4
55.Kc3 f3 56.Kd3 a3 0-1

[Event "14th Capablanca Memorial"]
[Site "Cienfuegos CUB"]
[Date "1977.05.19"]
[Round "2"]
[White "Garcia Gonzales, Guillermo"]
[Black "Rodriguez Cespedes, Amador"]
[Result "1-0"]
[WhiteElo "2485"]
[BlackElo "2395"]
[EventDate "1977.05.18"]
[PlyCount "41"]

1.Nf3 c5 2.c4 Nf6 3.Nc3 b6 4.e4 d6 5.d4 cxd4 6.Nxd4 Bb7 7.f3 e6 8.Be2 a6 
9.O-O Qc7 10.Be3 Nbd7 11.a4 Be7 12.a5 O-O 13.Nb3 Rab8 14.Qd2 bxa5 15.Nxa5 
Bc8 16.Rfc1 Rd8 17.b4 Bf8 18.Nd5 exd5 19.cxd5 Nc5 20.bxc5 dxc5 21.Nc6 1-0

[Event "14th Capablanca Memorial"]
[Site "Cienfuegos CUB"]
[Date "1977.05.19"]
[Round "2"]
[White "Menvielle Laccourreye, Augusto"]
[Black "Romanishin, Oleg"]
[Result "1/2-1/2"]
[WhiteElo "2340"]
[BlackElo "2595"]
[EventDate "1977.05.18"]
[PlyCount "107"]

1.e4 e6 2.d4 d5 3.e5 b6 4.c3 Qd7 5.a4 a5 6.Bb5 c6 7.Bd3 Ba6 8.Ne2 Ne7 9.
O-O Nf5 10.g4 Nh4 11.Ng3 Be7 12.f4 g6 13.Be3 Qc8 14.f5 gxf5 15.gxf5 Bxd3 
16.Qxd3 Qa6 17.Qc2 Nd7 18.Nd2 O-O-O 19.c4 Kb8 20.Rac1 Rc8 21.Qd1 Rhg8 22.
f6 Bb4 23.Qh5 Ng6 24.Nf3 dxc4 25.Ng5 Rcf8 26.Qe2 c5 27.Nxh7 Rd8 28.Ng5 
cxd4 29.Bxd4 Ndxe5 30.Bxe5+ Nxe5 31.Nxe6 fxe6 32.Qxe5+ Bd6 33.Qe4 Bxg3 34.
hxg3 Rxg3+ 35.Kf2 Rgg8 36.Rxc4 Rd5 37.f7 Rf8 38.Ke3 b5 39.axb5 Qxb5 40.
Qf4+ e5 41.Qh6 Rfd8 42.Rfc1 Qb3+ 43.R1c3 Rd3+ 44.Ke4 Rxc3 45.Qd6+ Rxd6 46.
f8=Q+ Ka7 47.Qe7+ Qb7+ 48.Qxb7+ Kxb7 49.Rxc3 Re6 50.Rc5 Kb6 51.Rxe5 Rxe5+ 
52.Kxe5 Kc5 53.Ke6 a4 54.Kd7 1/2-1/2

[Event "14th Capablanca Memorial"]
[Site "Cienfuegos CUB"]
[Date "1977.05.19"]
[Round "2"]
[White "Cobo Arteaga, Eldis"]
[Black "Lechtynsky, Jiri"]
[Result "1/2-1/2"]
[WhiteElo "2390"]
[BlackElo "2375"]
[EventDate "1977.05.18"]
[PlyCount "53"]

1.Nf3 Nf6 2.c4 e6 3.g3 b6 4.Bg2 Bb7 5.O-O c5 6.d4 cxd4 7.Qxd4 Be7 8.Nc3 d6
9.b3 O-O 10.Ba3 Nc6 11.Qf4 d5 12.Bxe7 Nxe7 13.Rfd1 Ng6 14.Qe3 Qe7 15.cxd5 
Nxd5 16.Nxd5 Bxd5 17.h4 Qb7 18.h5 Ne7 19.Nh4 Bxg2 20.Nxg2 Rfd8 21.Rac1 Nd5
22.Qe5 h6 23.Nf4 Nxf4 24.Qxf4 Rxd1+ 25.Rxd1 Rc8 26.Rc1 Rxc1+ 27.Qxc1 
1/2-1/2

[Event "14th Capablanca Memorial"]
[Site "Cienfuegos CUB"]
[Date "1977.05.19"]
[Round "2"]
[White "Antoshin, Vladimir"]
[Black "Farago, Ivan"]
[Result "0-1"]
[WhiteElo "2475"]
[BlackElo "2500"]
[EventDate "1977.05.18"]
[PlyCount "118"]

1.e4 e6 2.d4 d5 3.e5 c5 4.c3 Nc6 5.Nf3 Qb6 6.a3 c4 7.g3 Na5 8.Nbd2 Bd7 9.
h4 Ne7 10.h5 h6 11.Nh4 Nec6 12.Qf3 Be7 13.Be2 Bg5 14.Rb1 Nb3 15.Nxb3 Qxb3 
16.Bxg5 hxg5 17.Ng2 Qc2 18.O-O Qf5 19.Ne3 Qxf3 20.Bxf3 Ke7 21.Kg2 b5 22.
Rh1 a5 23.Rbe1 b4 24.Ng4 bxc3 25.bxc3 Rab8 26.h6 gxh6 27.Nxh6 Na7 28.Re3 
Ba4 29.Be2 Bc2 30.a4 Rh7 31.g4 Kf8 32.Reh3 Be4+ 33.Bf3 Bg6 34.Nf5 Rxh3 35.
Rxh3 Kg8 36.Ne7+ Kg7 37.Nxg6 fxg6 38.Rh1 Nc8 39.Rc1 Rb2 40.Bd1 Nb6 41.Kg3 
Ra2 42.f4 Nxa4 43.Bxa4 Rxa4 44.fxg5 Ra3 45.Kf3 a4 46.Ke2 Ra2+ 47.Kd1 Rg2 
48.Rb1 a3 49.Rb7+ Kf8 50.Ra7 a2 51.Kc1 Ke8 52.Ra8+ Kd7 53.Ra7+ Kc6 54.Ra6+
Kb5 55.Ra8 Rxg4 56.Rxa2 Rg1+ 57.Kb2 Rxg5 58.Ra8 Rg2+ 59.Kc1 g5 0-1

[Event "14th Capablanca Memorial"]
[Site "Cienfuegos CUB"]
[Date "1977.05.19"]
[Round "2"]
[White "Valdes Castillo, Arnaldo"]
[Black "Ermenkov, Evgeny"]
[Result "0-1"]
[WhiteElo "2285"]
[BlackElo "2445"]
[EventDate "1977.05.18"]
[PlyCount "74"]

1.e4 c6 2.d4 d5 3.Nc3 dxe4 4.Nxe4 Nf6 5.Nxf6+ gxf6 6.Nf3 Bg4 7.Be2 e6 8.c3
Rg8 9.Bf4 Bd6 10.Qd2 Bxf4 11.Qxf4 Nd7 12.h3 Bf5 13.d5 cxd5 14.Nd4 Be4 15.
Nb5 Ne5 16.Qe3 a6 17.f3 Bg6 18.Nd4 Qb6 19.Qd2 O-O-O 20.b3 Nd7 21.b4 Qc7 
22.O-O Nb6 23.Nb3 Bf5 24.Rf2 Nc4 25.Qh6 Qg3 26.Nd4 Rg7 27.Nxf5 exf5 28.Qc1
Rdg8 29.Bxc4 dxc4 30.Qf1 Qf4 31.Rd1 Kb8 32.Qe2 Rg3 33.Rd4 Qc1+ 34.Rd1 Qxc3
35.Qe7 Qe5 36.Rd8+ Ka7 37.Rxg8 Qxe7 0-1

[Event "14th Capablanca Memorial"]
[Site "Cienfuegos CUB"]
[Date "1977.05.19"]
[Round "2"]
[White "Vilela de Acuna, Jose Luis"]
[Black "Estevez Morales, Guillermo"]
[Result "1/2-1/2"]
[WhiteElo "2405"]
[BlackElo "2360"]
[EventDate "1977.05.18"]
[PlyCount "59"]

1.c4 e5 2.Nc3 Nf6 3.Nf3 Nc6 4.d3 d5 5.cxd5 Nxd5 6.g3 Be7 7.Bg2 Be6 8.O-O 
O-O 9.Bd2 Qd7 10.Rc1 f6 11.a3 Rad8 12.Qc2 Nxc3 13.Qxc3 Bd5 14.Be3 Qe6 15.
b4 a6 16.Rfe1 Rd7 17.Bc5 Re8 18.Bxe7 Rexe7 19.Nd2 Bxg2 20.Kxg2 Qd5+ 21.Kg1
Nd4 22.Qc4 f5 23.f4 Kf7 24.Kf2 h6 25.a4 Ke8 26.Qxd5 Rxd5 27.Rc4 Kd8 28.Rb1
c6 29.Nb3 Nxb3 30.Rxb3 1/2-1/2

[Event "14th Capablanca Memorial"]
[Site "Cienfuegos CUB"]
[Date "1977.05.20"]
[Round "3"]
[White "Romanishin, Oleg"]
[Black "Fernandez Gonzalez, Juan Carlos"]
[Result "1/2-1/2"]
[WhiteElo "2595"]
[BlackElo "2420"]
[EventDate "1977.05.18"]
[PlyCount "80"]

1.d4 Nf6 2.c4 e6 3.Nf3 b6 4.g3 Ba6 5.b3 d5 6.Bg2 c5 7.O-O Nc6 8.Bb2 Rc8 9.
cxd5 exd5 10.Nc3 Be7 11.dxc5 bxc5 12.Rc1 O-O 13.Na4 Re8 14.Re1 c4 15.Nd4 
Bb4 16.Bc3 Bxc3 17.Nxc3 Ne7 18.Qd2 Qd6 19.Red1 Rcd8 20.Qf4 Qxf4 21.gxf4 
Rb8 22.e3 Rec8 23.Bf1 cxb3 24.Bxa6 b2 25.Rc2 Rxc3 26.Rxc3 b1=Q 27.Rxb1 
Rxb1+ 28.Kg2 Rb6 29.Bd3 Rb7 30.a4 g6 31.a5 Ne4 32.Rc2 Nd6 33.a6 Rd7 34.Rc5
Kg7 35.Bc2 Ne4 36.Rb5 Nd6 37.Rb8 f6 38.Bb3 Ne4 39.Rb5 Rd6 40.Ra5 Rb6 
1/2-1/2

[Event "14th Capablanca Memorial"]
[Site "Cienfuegos CUB"]
[Date "1977.05.20"]
[Round "3"]
[White "Ermenkov, Evgeny"]
[Black "Cobo Arteaga, Eldis"]
[Result "1/2-1/2"]
[WhiteElo "2445"]
[BlackElo "2390"]
[EventDate "1977.05.18"]
[PlyCount "20"]

1.e4 e5 2.Nf3 Nc6 3.Bb5 Nge7 4.c3 d5 5.Nxe5 dxe4 6.d4 exd3 7.Qf3 Be6 8.O-O
Qd5 9.Qxd5 Bxd5 10.Nxd3 a6 1/2-1/2

[Event "14th Capablanca Memorial"]
[Site "Cienfuegos CUB"]
[Date "1977.05.20"]
[Round "3"]
[White "Rodriguez Cespedes, Amador"]
[Black "Valdes Castillo, Arnaldo"]
[Result "1/2-1/2"]
[WhiteElo "2395"]
[BlackElo "2285"]
[EventDate "1977.05.18"]
[PlyCount "81"]

1.e4 c6 2.d4 d5 3.Nc3 dxe4 4.Nxe4 Bf5 5.Ng3 Bg6 6.h4 h6 7.Nf3 Nd7 8.h5 Bh7
9.Bd3 Bxd3 10.Qxd3 Ngf6 11.Bd2 e6 12.c4 Qc7 13.Qe2 O-O-O 14.c5 e5 15.dxe5 
Re8 16.O-O Bxc5 17.Qc4 Bb6 18.exf6 Qxg3 19.Kh1 Ne5 20.Nxe5 Qxe5 21.Qg4+ 
Qe6 22.Qxe6+ Rxe6 23.fxg7 Rg8 24.Bc3 f6 25.Rae1 Kd7 26.Rxe6 Kxe6 27.Re1+ 
Kf7 28.Re4 Rxg7 29.Rf4 Bd8 30.g4 Rg5 31.Kg2 Rd5 32.Kf3 Ke6 33.Ke4 b5 34.a3
a5 35.Rf3 Rg5 36.Rg3 Kf7 37.Bd2 f5+ 38.gxf5 Rxh5 39.Rg6 Rh4+ 40.f4 Bf6 41.
Bc3 1/2-1/2

[Event "14th Capablanca Memorial"]
[Site "Cienfuegos CUB"]
[Date "1977.05.20"]
[Round "3"]
[White "Lechtynsky, Jiri"]
[Black "Rodriguez Cordoba, Jesus"]
[Result "1-0"]
[WhiteElo "2375"]
[BlackElo "2310"]
[EventDate "1977.05.18"]
[PlyCount "81"]

1.e4 c5 2.Nf3 Nc6 3.c3 Nf6 4.e5 Nd5 5.d4 cxd4 6.cxd4 d6 7.a3 e6 8.Bd3 dxe5
9.dxe5 Be7 10.O-O O-O 11.Qe2 Na5 12.Nc3 Nxc3 13.bxc3 Nb3 14.Bxh7+ Kxh7 15.
Qc2+ g6 16.Qxb3 Kg7 17.Qc4 Bd7 18.Rd1 Bb5 19.Bh6+ Kxh6 20.Qxb5 Qc8 21.Qd7 
Re8 22.h4 Qxc3 23.Qxb7 Rad8 24.Rdc1 Qa5 25.Rc7 Rb8 26.Qxa7 Qxa7 27.Rxa7 
Ra8 28.Rb7 Kg7 29.a4 Ra5 30.g3 Kf8 31.Rb5 Ra6 32.Nd2 Rd8 33.Nb3 f6 34.exf6
Bxf6 35.Re1 Rxa4 36.Rxe6 Kf7 37.Rbb6 Bc3 38.Rxg6 Rb4 39.Rxb4 Kxg6 40.Rc4 
Rd1+ 41.Kg2 1-0

[Event "14th Capablanca Memorial"]
[Site "Cienfuegos CUB"]
[Date "1977.05.20"]
[Round "3"]
[White "Hedman Senarega, Jose Antonio"]
[Black "Antoshin, Vladimir"]
[Result "1-0"]
[WhiteElo "2270"]
[BlackElo "2475"]
[EventDate "1977.05.18"]
[PlyCount "85"]

1.e4 e5 2.Nc3 d6 3.g3 Nf6 4.Bg2 c5 5.Nge2 Nc6 6.h3 Be6 7.d3 Be7 8.O-O d5 
9.Bg5 d4 10.Bxf6 Bxf6 11.Nd5 O-O 12.Nxf6+ Qxf6 13.f4 exf4 14.Nxf4 Ne5 15.
Qh5 g6 16.Qh6 Qe7 17.Rf2 f6 18.Raf1 Nf7 19.Nxg6 Nxh6 20.Nxe7+ Kg7 21.Nf5+ 
Bxf5 22.exf5 Nf7 23.Re2 Ne5 24.g4 h6 25.Kh2 Rac8 26.Kg3 Rc7 27.h4 c4 28.
Rxe5 fxe5 29.g5 hxg5 30.hxg5 cxd3 31.cxd3 Kf7 32.Bd5+ Ke7 33.f6+ Kd6 34.
Bb3 e4 35.g6 e3 36.g7 Rxg7+ 37.fxg7 Rxf1 38.g8=Q Rg1+ 39.Kf3 Rxg8 40.Bxg8 
Kc5 41.Bb3 a5 42.Bd1 b5 43.Ke4 1-0

[Event "14th Capablanca Memorial"]
[Site "Cienfuegos CUB"]
[Date "1977.05.20"]
[Round "3"]
[White "Ferrera, Benjamin"]
[Black "Vilela de Acuna, Jose Luis"]
[Result "1-0"]
[WhiteElo "2310"]
[BlackElo "2405"]
[EventDate "1977.05.18"]
[PlyCount "86"]

1.c4 g6 2.Nc3 c5 3.Nf3 Bg7 4.d4 cxd4 5.Nxd4 Nc6 6.e3 Nf6 7.Be2 O-O 8.O-O 
Nxd4 9.Qxd4 d6 10.Qh4 a6 11.e4 Be6 12.Bh6 Bxh6 13.Qxh6 Rc8 14.Rfd1 Bxc4 
15.e5 Ne8 16.Rd4 Bxe2 17.Nxe2 f5 18.Nf4 Ng7 19.Rad1 Rc6 20.h4 Qe8 21.exd6 
e5 22.Nh3 Ne6 23.d7 Qe7 24.Rd5 Rd8 25.Rxe5 Rxd7 26.Rde1 Qg7 27.Qe3 Nf8 28.
Nf4 Rcd6 29.Re8 Qf7 30.Qc3 Rd1 31.Kh2 Rxe1 32.Qxe1 Rd4 33.g3 Rd7 34.Qe5 b5
35.a3 h6 36.Qb8 Re7 37.Rxe7 Qxe7 38.Nxg6 Qc5 39.Qxf8+ Qxf8 40.Nxf8 Kxf8 
41.Kg2 Kf7 42.Kf3 Kf6 43.Kf4 h5 1-0

[Event "14th Capablanca Memorial"]
[Site "Cienfuegos CUB"]
[Date "1977.05.20"]
[Round "3"]
[White "Farago, Ivan"]
[Black "Menvielle Laccourreye, Augusto"]
[Result "1/2-1/2"]
[WhiteElo "2500"]
[BlackElo "2340"]
[EventDate "1977.05.18"]
[PlyCount "43"]

1.d4 f5 2.g3 Nf6 3.Bg2 g6 4.c4 Bg7 5.Nc3 O-O 6.Nh3 e6 7.b3 d6 8.Ba3 Re8 9.
Qd2 Nc6 10.Rc1 d5 11.e3 Ne4 12.Nxe4 dxe4 13.Nf4 e5 14.dxe5 Nxe5 15.Qxd8 
Rxd8 16.Ke2 Kf7 17.Rcd1 Be6 18.Nxe6 Kxe6 19.Bb2 Bf6 20.Bxe5 Bxe5 21.f3 
Rxd1 22.Rxd1 1/2-1/2

[Event "14th Capablanca Memorial"]
[Site "Cienfuegos CUB"]
[Date "1977.05.20"]
[Round "3"]
[White "Dorfman, Iosif"]
[Black "Andersson, Ulf"]
[Result "1/2-1/2"]
[WhiteElo "2445"]
[BlackElo "2565"]
[EventDate "1977.05.18"]
[PlyCount "23"]

1.c4 c5 2.Nf3 g6 3.e4 Bg7 4.d4 d6 5.Nc3 Nf6 6.Be2 O-O 7.O-O Re8 8.Be3 Na6 
9.d5 e6 10.dxe6 Bxe6 11.h3 Qb6 12.a3 1/2-1/2

[Event "14th Capablanca Memorial"]
[Site "Cienfuegos CUB"]
[Date "1977.05.20"]
[Round "3"]
[White "Estevez Morales, Guillermo"]
[Black "Garcia Gonzales, Guillermo"]
[Result "1/2-1/2"]
[WhiteElo "2360"]
[BlackElo "2485"]
[EventDate "1977.05.18"]
[PlyCount "31"]

1.c4 e5 2.Nc3 Nc6 3.Nf3 Nf6 4.g3 Bb4 5.Bg2 O-O 6.O-O e4 7.Ne1 Bxc3 8.dxc3 
h6 9.Nc2 d6 10.Ne3 Re8 11.Qc2 b6 12.f4 exf3 13.exf3 Bb7 14.Bd2 Qd7 15.Rae1
Ne5 16.b3 1/2-1/2

[Event "14th Capablanca Memorial"]
[Site "Cienfuegos CUB"]
[Date "1977.05.21"]
[Round "4"]
[White "Vilela de Acuna, Jose Luis"]
[Black "Dorfman, Iosif"]
[Result "0-1"]
[WhiteElo "2405"]
[BlackElo "2445"]
[EventDate "1977.05.18"]
[PlyCount "76"]

1.c4 e6 2.Nf3 d5 3.d4 c6 4.cxd5 exd5 5.Nc3 Bf5 6.e3 Nf6 7.Bd3 Bxd3 8.Qxd3 
Bd6 9.O-O O-O 10.Re1 Nbd7 11.Rb1 a5 12.Bd2 Re8 13.e4 dxe4 14.Nxe4 Rxe4 15.
Rxe4 Nc5 16.dxc5 Bxh2+ 17.Kxh2 Qxd3 18.Ree1 h6 19.Rbc1 Nd5 20.b3 a4 21.Rc4
axb3 22.axb3 Qxb3 23.Rg4 h5 24.Rg5 g6 25.Rge5 Qc2 26.Rc1 Qa2 27.Kg1 Rd8 
28.Rce1 Qa3 29.Rc1 f6 30.Ree1 Kf7 31.Rb1 Rd7 32.Rec1 Re7 33.Rc2 g5 34.Rcc1
h4 35.Kh2 Qd3 36.Rd1 Qc2 37.Rbc1 Qf5 38.Kg1 h3 0-1

[Event "14th Capablanca Memorial"]
[Site "Cienfuegos CUB"]
[Date "1977.05.21"]
[Round "4"]
[White "Garcia Gonzales, Guillermo"]
[Black "Ferrera, Benjamin"]
[Result "1-0"]
[WhiteElo "2485"]
[BlackElo "2310"]
[EventDate "1977.05.18"]
[PlyCount "49"]

1.d4 Nf6 2.c4 c5 3.Nf3 g6 4.Nc3 Bg7 5.d5 d6 6.e4 b5 7.cxb5 a6 8.bxa6 O-O 
9.Be2 Bxa6 10.O-O Qc7 11.h3 Nbd7 12.Rb1 Rfb8 13.Bxa6 Rxa6 14.Qe2 Rab6 15.
Nd2 Nh5 16.Nd1 Bd4 17.Nf3 Ng3 18.Qc2 Nxf1 19.Nxd4 Ne5 20.Ne2 Qa7 21.f4 Nd7
22.Ndc3 c4 23.Kxf1 Rb4 24.Bd2 Qb7 25.Na4 1-0

[Event "14th Capablanca Memorial"]
[Site "Cienfuegos CUB"]
[Date "1977.05.21"]
[Round "4"]
[White "Fernandez Gonzalez, Juan Carlos"]
[Black "Farago, Ivan"]
[Result "1/2-1/2"]
[WhiteElo "2420"]
[BlackElo "2500"]
[EventDate "1977.05.18"]
[PlyCount "39"]

1.Nf3 d5 2.g3 c6 3.Bg2 Bg4 4.d3 Nf6 5.Nbd2 e6 6.O-O Be7 7.c4 Nbd7 8.b3 O-O
9.Bb2 a5 10.a3 Bd6 11.Qc2 e5 12.cxd5 cxd5 13.Rfc1 Rc8 14.Qxc8 Qxc8 15.Rxc8
Rxc8 16.Rc1 Rxc1+ 17.Bxc1 h6 18.Bb2 Be6 19.Ne1 b5 20.Nc2 1/2-1/2

[Event "14th Capablanca Memorial"]
[Site "Cienfuegos CUB"]
[Date "1977.05.21"]
[Round "4"]
[White "Cobo Arteaga, Eldis"]
[Black "Rodriguez Cespedes, Amador"]
[Result "0-1"]
[WhiteElo "2390"]
[BlackElo "2395"]
[EventDate "1977.05.18"]
[PlyCount "78"]

1.d4 Nf6 2.Nf3 g6 3.c4 Bg7 4.Nc3 O-O 5.e4 d6 6.Be2 e5 7.O-O Nc6 8.d5 Ne7 
9.Bd2 Nh5 10.Ne1 Nf4 11.Nd3 Nxe2+ 12.Qxe2 f5 13.f3 f4 14.c5 g5 15.Rac1 Ng6
16.cxd6 cxd6 17.Nb5 Rf7 18.Rc2 a6 19.Na3 b5 20.Rfc1 Bd7 21.Be1 h5 22.h3 
Bh6 23.Nb1 g4 24.fxg4 hxg4 25.hxg4 f3 26.gxf3 Bxc1 27.Rxc1 Qf6 28.Nd2 Raf8
29.Bg3 Rh7 30.Rc7 Qg5 31.Nf1 Nh4 32.Bxh4 Qxh4 33.Qg2 Qd8 34.Rc2 Qg5 35.Rc7
Rhf7 36.Ne1 Qd8 37.Qc2 Qh4 38.Qe2 b4 39.Qf2 Qxg4+ 0-1

[Event "14th Capablanca Memorial"]
[Site "Cienfuegos CUB"]
[Date "1977.05.21"]
[Round "4"]
[White "Antoshin, Vladimir"]
[Black "Menvielle Laccourreye, Augusto"]
[Result "1-0"]
[WhiteElo "2475"]
[BlackElo "2340"]
[EventDate "1977.05.18"]
[PlyCount "87"]

1.d4 f5 2.g3 Nf6 3.Bg2 g6 4.b3 Bg7 5.Bb2 O-O 6.Nd2 c6 7.Ngf3 Ne4 8.O-O d5 
9.Ne5 Be6 10.Ndf3 Kh8 11.Nd3 Nd7 12.a4 a5 13.Qc1 Bg8 14.Nfe5 Nd6 15.h4 Nf6
16.Bf3 Bf7 17.Kg2 Kg8 18.Rh1 Nde4 19.Nxf7 Rxf7 20.Ne5 Rf8 21.h5 gxh5 22.
Bxh5 Nxh5 23.Rxh5 e6 24.Qf4 Nf6 25.Rh4 Rc8 26.Rah1 b6 27.Ba3 c5 28.Nf3 Re8
29.dxc5 bxc5 30.Ng5 Qc7 31.Nxh7 Qxf4 32.gxf4 Nxh7 33.Rxh7 c4 34.Bd6 cxb3 
35.cxb3 Rc2 36.R7h3 Kf7 37.Rg3 Rd8 38.Be5 Bxe5 39.Rh7+ Kf6 40.Rh6+ Ke7 41.
fxe5 Rf8 42.Rg7+ Rf7 43.Rxf7+ Kxf7 44.e3 1-0

[Event "14th Capablanca Memorial"]
[Site "Cienfuegos CUB"]
[Date "1977.05.21"]
[Round "4"]
[White "Andersson, Ulf"]
[Black "Romanishin, Oleg"]
[Result "0-1"]
[WhiteElo "2565"]
[BlackElo "2595"]
[EventDate "1977.05.18"]
[PlyCount "60"]

1.g3 e5 2.d3 d5 3.Nf3 Nc6 4.Bg2 Bg4 5.h3 Bh5 6.O-O f5 7.c4 e4 8.Nh4 dxc4 
9.Nxf5 cxd3 10.g4 Bg6 11.Nc3 dxe2 12.Qxe2 Qd3 13.Qxe4+ Qxe4 14.Nxe4 Bxf5 
15.gxf5 O-O-O 16.Ng5 Rd7 17.Be3 Nh6 18.Be4 Nd4 19.Bxd4 Rxd4 20.Rfd1 Rb4 
21.Rac1 Be7 22.Ne6 c6 23.f3 Rxb2 24.Rd3 Nf7 25.Bd5 Ne5 26.Re3 Bf6 27.Bb3 
Rd2 28.f4 Nf7 29.Rg3 Nd6 30.Nxg7 Ne4 0-1